00813nam a2200181 a 450000100100000000500170001000800410002704000250006810000340009324502300012726000370035730000210039449000220041570000430043783000290048095201050050999900170061400004390720201002045035.0140508s1967 sp 000 0 spa d aDO-SdBNPbspacBNPHU1 aFlorez Estrada, Alvaro97180510aEn Defensa de las Cortes :bcon dos apendices, uno sobre la libertad de imprenta y otro en defensa de los derechos de reunión y de asociación /cAlvaro Florez Estrada ; edición e introducción Jesús Munarriz Peralta. aMadrid, :bCiencia nueva,c1967. a168 p. ;c18 cm.1 aLos clásicosv112aMunarriz Peralta, Jesúseint.960488 0aLos clásicosn1971806 001050718MOaGRbGRcCTd2014-05-08iLF1l0o p43907-10r2020-06-25w2020-06-25y1ZNo se presta c43396d43396